Nghệ thuật sân khấu và thực trạng khan hiếm diễn viên trẻ /

Spremljeno u:
Bibliografski detalji
Glavni autor: Ngọc Anh.
Format: Članak
Jezik:Vietnamese
Teme:
Oznake: Dodaj oznaku
Bez oznaka, Budi prvi tko označuje ovaj zapis!
Thư viện lưu trữ: Thư viện Trường Đại học Đà Lạt
LEADER 00762nam a2200265 4500
001 DLU140163752
005 ##20140909
040 # # |a DLU  |b vie 
041 # # |a vie 
044 # # |a vn 
100 # # |a Ngọc Anh. 
245 # # |a Nghệ thuật sân khấu và thực trạng khan hiếm diễn viên trẻ /  |c Ngọc Anh. 
653 # # |a Đào tạo 
653 # # |a Diễn viên 
653 # # |a Nghệ thuật sân khấu 
773 # # |t Văn Hiến Việt Nam   |g Số6(221), 2013, tr. 46-47 
920 # # |a Phòng Tạp chí -- Trung tâm Thông tin - Thư viện Trường Đại học Đà Lạt 
994 # # |a DLU 
900 # # |a True 
911 # # |a Nguyễn Thị Mai Anh 
925 # # |a G 
926 # # |a A 
927 # # |a BB 
980 # # |a Thư viện Trường Đại học Đà Lạt